| 000 | 00641nam a22001697a 4500 | ||
|---|---|---|---|
| 005 | 20260218122459.0 | ||
| 008 | 260218b |||||||| |||| 00| 0 eng d | ||
| 020 | _a9789387337008 | ||
| 040 | _cVITAP | ||
| 082 |
_223 _a070 NAM |
||
| 100 |
_aNambath, Suresh Ed. _917080 |
||
| 245 |
_aThe Second 100 _b: A Selection of Editorials, 1978-2016 _c/ Suresh Nambath Ed. |
||
| 260 |
_aChennai _bTHG Publishing Pvt Ltd. _c2023 |
||
| 300 | _a271p, ill.: 21cm | ||
| 650 | 0 |
_aIndian Politics & Governance, Public Policy & Administration, Judiciary & Legal Matters, Foreign Policy & International Relations, Economic Issues etc. _917081 |
|
| 942 |
_2ddc _cREF |
||
| 999 |
_c47271 _d47271 |
||